Vainqueurs du championnat de Guadeloupe de football - Statistiques

Statistiques générales
  • Ce quiz a été pris 11 fois
  • Le résultat moyen est 27 sur 82
Statistiques - réponses
Année Ville Champion % Correct
1966-1967 Sainte-Anne ASC Juventus
67%
1968-1969 Sainte-Anne ASC Juventus
67%
1972-1973 Sainte-Anne ASC Juventus
67%
1973-1974 Sainte-Anne ASC Juventus
67%
1974-1975 Sainte-Anne ASC Juventus
67%
1975-1976 Sainte-Anne ASC Juventus
67%
1978-1979 Sainte-Anne ASC Juventus
67%
1999-2000 Sainte-Anne ASC Juventus
67%
1944-1945 Le Moule CS Moulien
56%
1946-1947 Le Moule CS Moulien
56%
1947-1948 Le Moule CS Moulien
56%
1948-1949 Le Moule CS Moulien
56%
1952-1953 Le Moule CS Moulien
56%
1954-1955 Le Moule CS Moulien
56%
1955-1956 Le Moule CS Moulien
56%
1964-1965 Le Moule CS Moulien
56%
1983-1984 Le Moule CS Moulien
56%
1993-1994 Le Moule CS Moulien
56%
2008-2009 Le Moule CS Moulien
56%
2010-2011 Le Moule CS Moulien
56%
2012-2013 Le Moule CS Moulien
56%
2013-2014 Le Moule CS Moulien
56%
2014-2015 Le Moule CS Moulien
56%
2017-2018 Le Moule CS Moulien
56%
2022-2023 Le Moule CS Moulien
56%
2023-2024 Le Moule CS Moulien
56%
2024-2025 Le Moule CS Moulien
56%
2004-2005 Le Gosier AS Gosier
33%
2019-2020 Le Gosier AS Gosier
33%
2020-2021 Le Gosier AS Gosier
33%
1979-1980 Morne-à-l'Eau Étoile
33%
1980-1981 Morne-à-l'Eau Étoile
33%
1981-1982 Morne-à-l'Eau Étoile
33%
1995-1996 Morne-à-l'Eau Étoile
33%
1996-1997 Morne-à-l'Eau Étoile
33%
1997-1998 Morne-à-l'Eau Étoile
33%
2000-2001 Morne-à-l'Eau Étoile
33%
2001-2002 Morne-à-l'Eau Étoile
33%
2006-2007 Morne-à-l’Eau Étoile
33%
1959-1960 Basse-Terre La Gauloise
33%
1970-1971 Basse-Terre La Gauloise
33%
1976-1977 Basse-Terre La Gauloise
33%
1977-1978 Basse-Terre La Gauloise
33%
1984-1985 Les Abymes Siroco
33%
2018-2019 Grand-Bourg Amical Club
22%
1941 Basse-Terre Cygne Noir
22%
1962-1963 Basse-Terre Cygne noir
22%
1971-1972 Basse-Terre Cygne Noir
22%
1982-1983 Basse-Terre Cygne Noir
22%
2005-2006 Vieux-Habitants JS Vieux-Habitants
22%
2009-2010 Vieux-Habitants JS Vieux-Habitants
22%
1951-1952 Pointe-à-Pitre Red Star
22%
1965-1966 Pointe-à-Pitre Red Star
22%
1969-1970 Pointe-à-Pitre Red Star
22%
2011-2012 Terre-de-Haut AJSS
11%
1953-1954 Petit-Bourg Arsenal
11%
1994-1995 Petit-Bourg Arsenal
11%
1940 Pointe-à-Pitre As Redoutable
11%
1942 Pointe-à-Pitre As Redoutable
11%
1956-1957 Capesterre Belle-eau CS Capesterrien
11%
1961-1962 Capesterre Belle-eau CS Capesterrien
11%
1963-1964 Capesterre Belle-eau CS Capesterrien
11%
2007-2008 Lamentin Évolucas
11%
2002-2003 Petit-Canal Le Phare
11%
1937 Basse-Terre Racing Club
11%
1939 Basse-Terre Racing Club
11%
1943 Pointe-à-Pitre Racing Club
11%
1949-1950 Pointe-à-Pitre Racing Club
11%
1967-1968 Basse-Terre Racing Club
11%
1998-1999 Basse-Terre Racing Club
11%
2003-2004 Basse-Terre Racing Club
11%
1987-1988 Pointe-à-Pitre Solidarité Scolaire
11%
1989-1990 Pointe-à-Pitre Solidarité Scolaire
11%
1990-1991 Pointe-à-Pitre Solidarité Scolaire
11%
1991-1992 Pointe-à-Pitre Solidarité Scolaire
11%
1992-1993 Pointe-à-Pitre Solidarité Scolaire
11%
2021-2022 Pointe-à-Pitre Solidarité Scolaire
11%
1985-1986 Anse-Bertrand US Ansoise
11%
1986-1987 Anse-Bertrand US Ansoise
11%
2015-2016 Sainte-Rose USR
11%
2016-2017 Sainte-Rose USR
11%
1988-1989 Morne-à-l'Eau Zénith
11%
Aucun quiz correspondant
Distribution des résultats
% des personnes avec chaque résultat
Percentile par nombre de réponses
Votre historique - résultats
Vous n’avez pas pris ce quiz